Сваи забивные железобетонные цельные сплошного квадратного сечения с ненапрягаемой арматурой и поперечным армированием ствола с напрягаемой арматурой; Конструкция и размеры; ГОСТ 19804.1-79 Сваи забивные железобетонные цельные сплошного квадратного сечения с ненапрягаемой арматурой. Конструкция и размеры; ГОСТ 19804.2-79 Сваи забивные железобетонные цельные сплошного квадратного сечения с поперчным армированием ствола напрягаемой арматурой. Конструкция и размеры

Λεπτομέρειες βιβλιογραφικής εγγραφής
Συγγραφή απο Οργανισμό/Αρχή: СССР Государственный комитет по стандартам (Госстандарт)
Γλώσσα:Ρωσικά
Έκδοση: Москва, Изд-во стандартов, 1980
Έκδοση:Изд. офиц.
TOC:ГОСТ 19804.1-79 Сваи забивные железобетонные цельные сплошного квадратного сечения с ненапрягаемой арматурой. Конструкция и размеры;
ГОСТ 19804.2-79 Сваи забивные железобетонные цельные сплошного квадратного сечения с поперчным армированием ствола напрягаемой арматурой. Конструкция и размеры;
Σειρά:Государственные стандарты
Θέματα:
Μορφή: MixedMaterials Βιβλίο
KOHA link:https://koha.lib.tpu.ru/cgi-bin/koha/opac-detail.pl?biblionumber=156664

MARC

LEADER 00000nam0a2200000 4500
001 156664
005 20231031153316.0
035 |a (RuTPU)RU\TPU\book\169910 
035 |a RU\TPU\book\169560 
090 |a 156664 
100 |a 20090330d1980 km y0rusy50 ca 
101 0 |a rus 
102 |a RU 
105 |a a l 000zy 
200 1 |a Сваи забивные железобетонные цельные сплошного квадратного сечения с ненапрягаемой арматурой и поперечным армированием ствола с напрягаемой арматурой  |a Конструкция и размеры 
205 |a Изд. офиц. 
210 |a Москва  |c Изд-во стандартов  |d 1980 
215 |a 47 с.  |c ил. 
225 1 |a Государственные стандарты 
464 |t ГОСТ 19804.1-79 Сваи забивные железобетонные цельные сплошного квадратного сечения с ненапрягаемой арматурой. Конструкция и размеры 
464 |t ГОСТ 19804.2-79 Сваи забивные железобетонные цельные сплошного квадратного сечения с поперчным армированием ствола напрягаемой арматурой. Конструкция и размеры 
610 1 |a стандарты 
610 1 |a ГОСТы 
610 1 |a конструкции 
610 1 |a размеры 
610 1 |a сваи 
610 1 |a арматура 
712 0 1 |a СССР  |b Государственный комитет по стандартам (Госстандарт)  |c (1978-1989)  |2 stltpush  |3 (RuTPU)RU\TPU\col\12454 
801 2 |a RU  |b 63413507  |c 20221208  |g PSBO 
942 |c BK